Catálogo público

Jitomate en invernadero / (Record no. 103364)

MARC details
000 -CABECERA
campo de control de longitud fija 01235nam a22003857a 4500
001 - NÚMERO DE CONTROL
campo de control 000106902
003 - IDENTIFICADOR DEL NÚMERO DE CONTROL
campo de control CHAP
005 - FECHA Y HORA DE LA ÚLTIMA TRANSACCIÓN
campo de control 20220329143906.0
008 - DATOS DE LONGITUD FIJA--INFORMACIÓN GENERAL
campo de control de longitud fija 120615s2011 mx a r 00010 spa d
010 ## - NÚMERO DE CONTROL DE LA BIBLIOTECA DEL CONGRESO
Número de control de LC 103364
011 ## - ENLACE DEL NUMERO DE CONTROL DE LA BIBLIOTECA DEL CONGRESO [OBSOLETO]
Número de control de LC 104336
020 ## - NÚMERO INTERNACIONAL ESTÁNDAR DEL LIBRO
Número Internacional Estándar del Libro 9786071202390
035 ## - NÚMERO DE CONTROL DEL SISTEMA
Número de control de sistema 115026
040 ## - FUENTE DE LA CATALOGACIÓN
Centro/agencia transcriptor CHAP
082 04 - NÚMERO DE LA CLASIFICACIÓN DECIMAL DEWEY
Número de clasificación 635.642
Número de documento/Ítem P92
100 00 - ENTRADA PRINCIPAL--NOMBRE DE PERSONA
Nombre de persona Pérez Grajales, Mario.
9 (RLIN) 89711
245 10 - MENCIÓN DE TÍTULO
Título Jitomate en invernadero /
Mención de responsabilidad, etc. /por Mario Pérez Grajales y Rogelio Castro Brindis.
260 ## - PUBLICACIÓN, DISTRIBUCIÓN, ETC.
Lugar de publicación, distribución, etc. Chapingo, Méx. :
Nombre del editor, distribuidor, etc. UACH,
Fecha de publicación, distribución, etc. 2011.
300 ## - DESCRIPCIÓN FÍSICA
Extensión 133 p. :
Otras características físicas ilus.
590 ## - NOTA LOCAL (RLIN)
Nota local BATCH-UPD
Procedencia (VM) [OBSOLETO] 10
Condición del los carretes individuales (VM) [OBSOLETO] 20130110
-- UCH01
-- 1119
590 ## - NOTA LOCAL (RLIN)
Nota local BATCH-UPD
Procedencia (VM) [OBSOLETO] 10
Condición del los carretes individuales (VM) [OBSOLETO] 20130410
-- UCH01
-- 0709
590 ## - NOTA LOCAL (RLIN)
Nota local BATCH-UPD
Procedencia (VM) [OBSOLETO] 10
Condición del los carretes individuales (VM) [OBSOLETO] 20130914
-- UCH01
-- 0859
590 ## - NOTA LOCAL (RLIN)
Nota local CONVERSION
Procedencia (VM) [OBSOLETO] 10
Condición del los carretes individuales (VM) [OBSOLETO] 20130109
-- UCH01
-- 1357
590 ## - NOTA LOCAL (RLIN)
Nota local E11695DGD
Procedencia (VM) [OBSOLETO] 10
Condición del los carretes individuales (VM) [OBSOLETO] 20190905
-- UCH01
-- 1057
650 14 - PUNTO DE ACCESO ADICIONAL DE MATERIA--TÉRMINO DE MATERIA
Término de materia o nombre geográfico como elemento de entrada Cultivos en invernadero
Subdivisión general Enfermedades.
9 (RLIN) 30378
650 14 - PUNTO DE ACCESO ADICIONAL DE MATERIA--TÉRMINO DE MATERIA
Término de materia o nombre geográfico como elemento de entrada Temperatura baja.
9 (RLIN) 112233
650 14 - PUNTO DE ACCESO ADICIONAL DE MATERIA--TÉRMINO DE MATERIA
Término de materia o nombre geográfico como elemento de entrada Tomate
Subdivisión general Plagas.
9 (RLIN) 113748
650 14 - PUNTO DE ACCESO ADICIONAL DE MATERIA--TÉRMINO DE MATERIA
Término de materia o nombre geográfico como elemento de entrada Tomate
Subdivisión general Plántulas.
9 (RLIN) 113749
650 14 - PUNTO DE ACCESO ADICIONAL DE MATERIA--TÉRMINO DE MATERIA
Término de materia o nombre geográfico como elemento de entrada Tomate
Subdivisión general Rendimiento.
9 (RLIN) 113761
700 0# - PUNTO DE ACCESO ADICIONAL--NOMBRE DE PERSONA
Nombre de persona Castro Brindis, Rogelio.
9 (RLIN) 20333
901 ## - ELEMENTOS DE DATOS A LOCAL LDA (RLIN)
a BK
942 ## - ELEMENTOS DE PUNTO DE ACCESO ADICIONAL (KOHA)
Tipo de ítem Koha Libro
942 ## - ELEMENTOS DE PUNTO DE ACCESO ADICIONAL (KOHA)
Suprimir en OPAC 0
949 ## - PROCESAMIENTO DE INFORMACIÓN LOCAL (OCLC)
a 635.642 P92
b BC
c UACH
d 33724002343520
e UACH
h 116869
i 115026
s b
Holdings
Estado de retiro Estado de pérdida Fuente del sistema de clasificación o colocación Estado dañado Restricciones de uso No para préstamo Código de colección Localización permanente Ubicación/localización actual Ubicación en estantería Fecha de adquisición Información codificada de la localización en otra ubicación Total de préstamos Signatura topográfica completa Código de barras Fecha visto por última vez Precio válido a partir de Tipo de ítem Koha Renovaciones totales Fecha del último préstamo Número de copia En préstamo
    Dewey Decimal Classification   Préstamo 15 días   General Biblioteca Central Biblioteca Central Planta principal - Colección General 27/07/2015 LIBRO   635.642 P92 33724002343520 31/12/2019 31/12/2019 Libro        
    Dewey Decimal Classification   Préstamo 15 días   General Biblioteca Central Biblioteca Central Planta principal - Colección General 27/07/2015 LIBRO 4 635.642 P92 33724002506082 06/04/2026 31/12/2019 Libro 5 16/02/2026 c.2  
    Dewey Decimal Classification   Préstamo 15 días   General Biblioteca Central Biblioteca Central Planta principal - Colección General 08/09/2016 LIBRO 5 635.642 P92 33724002506124 28/10/2025 31/12/2019 Libro 3 28/10/2025 c.3 12/11/2025
    Dewey Decimal Classification   Préstamo 15 días   General Centro Regional San Luis Acatlán Centro Regional San Luis Acatlán   27/07/2016 LIBRO   635.642 P92 02000000421 31/12/2019 27/07/2016 Libro     c.2  
    Dewey Decimal Classification   Préstamo 15 días   General Centro Regional San Luis Acatlán Centro Regional San Luis Acatlán   08/09/2016 LIBRO   635.642 P92 02000000422 31/12/2019 08/09/2016 Libro        
    Dewey Decimal Classification   Préstamo 15 días   General Centro Regional San Luis Acatlán Centro Regional San Luis Acatlán   05/09/2019 LIBRO   635.642 P92 02000000454 31/12/2019 05/09/2019 Libro     c.3  
    Dewey Decimal Classification   Préstamo 15 días   General Centro Regional San Luis Acatlán Centro Regional San Luis Acatlán   31/12/2019 LIBRO     02000000455 31/12/2019 31/12/2019 Libro     c.4